Estadísticas para Siglo XXI

Haz click aquí para intentar la prueba.

Estadísticas generales

  • Esta prueba ha sido intentada 91 veces
  • La puntuación promedio es 12 de 20

Estadísticas de respuestas

AñoDescripciónRespuesta% Correcto
2022Rusia invade este paísUcrania
100%
2008Esta persona es elegida primer Presidente afroamericano de Estados Unidos.Barack Obama
88%
2009Este velocista establece un nuevo récord de los 100 metros lisos: 9,58 segundosUsain Bolt
79%
2014–15Un brote de esta enfermedad mata a más de 10.000 personas en África OccidentalÉbola
76%
2003
Los EE.UU. invaden este país, en busca de armas de destrucción masiva, pero no encuentra ninguna
Irak
70%
2005Esta persona es elegida primera mujer canciller de AlemaniaAngela Merkel
68%
2004Este tipo de catástrofe natural mata a más de 200.000 personas en 14 paísesTsunami
68%
2015
Un récord de 1,3 millones de personas solicitan asilo en la UE.
el mayor número procede de esta nación destrozada
Siria
66%
2011Este movimiento internacional de protesta conduce al derrocamiento de los gobiernos de Túnez, Argelia, Egipto, Yemen y Libia.Primavera {Árabe}
64%
2019La pandemia de Covid-19 comienza en esta ciudadWuhan
64%
2004Este sitio web se crea en un dormitorio de HarvardFacebook
62%
2008Este nadador gana 8 medallas de oro en los Juegos Olímpicos de VeranoMichael Phelps
61%
2001Esta organización terrorista lanza los atentados del 9/11 contra Estados UnidosAl-Qaeda
57%
2011Este país africano se convierte en el 193º miembro de la ONUSudán del Sur
53%
2001Este país se convierte en el primero del mundo en legalizar el matrimonio entre personas del mismo sexoPaíses Bajos
46%
2015
195 naciones se reúnen en esta ciudad y acuerdan reducir las emisiones de carbono, pero en general no cumplen sus compromisos
Paris
45%
2012Este líder asciende al poder en China, marcando una era de creciente vigilancia estatal y abusos contra las minorías étnicasXi Jinping
38%
2008El mundo entra en una fuerte crisis económica que se conoce comúnmente como estaLa Gran {Recesión}
25%
2003Científicos anuncian la finalización de un proyecto para secuenciar estoEl Genoma Humano
16%
2005Este planeta enano, un 27% mayor que Plutón, se descubre y recibe su nombre de la diosa griega de la discordiaEris
13%

Distribución de puntuación

Porcentaje por número respondido

Porcentaje de gente con cada puntuación

Historial de tus puntuaciones

No has intentado esta prueba.